[Event "Dresden ZMD op"]
[Site "Dresden"]
[Date "2003.08.01"]
[Round "8"]
[White "Klaus, Andreas"]
[Black "Knoefel, Michael"]
[Result "0-1"]
[WhiteElo "1928"]
[BlackElo "2124"]
[PlyCount "79"]
[EventDate "2003.07.25"]
[EventType "swiss"]
[EventRounds "9"]
[EventCountry "GER"]
[SourceTitle "EXT 2004"]
[Source "ChessBase"]
[SourceDate "2003.11.25"]
[SourceVersion "1"]
[SourceVersionDate "2003.11.25"]
[SourceQuality "1"]

1. e4 c5 2. Nf3 Nc6 3. d4 cxd4 4. Nxd4 Nf6 5. Nc3 e5 6. Ndb5 d6 7. Bg5 a6 8. Na3 b5 9. Nd5 Qa5+ 10. Bd2 Qd8 11. Bg5 Qa5+ 12. Bd2 Qd8 13. Bg5 Be7 14. Bxf6 Bxf6 15. Be2 Bb7 16. 0-0 Bg5 17. b4 Nd4 18. c4 Bxd5 19. cxd5 Rc8 20. g3 Rc3 21. Nb1 Rc2 22. Bd3 Rc1 23. Qh5 g6 24. Qh3 Qc7 25. a4 Nf3+ 26. Kh1 Ne1 27. Be2 0-0 28. Qg4 Bd2 29. axb5 axb5 30. Ra2 Bxb4 31. Na3 Bxa3 32. Rxa3 b4 33. Rb3 Rb8 34. Qg5 Qc2 35. Qe3 Ra1 36. h4 Qa2 37. Bc4 Nc2 38. Qd3 Rxf1+ 39. Qxf1 Qa8 40. Rb1 0-1

[Event "Dresden ZMD op"]
[Site "Dresden"]
[Date "2003.07.29"]
[Round "5"]
[White "Knoefel, Michael"]
[Black "Hermann, Sven"]
[Result "0-1"]
[WhiteElo "2124"]
[BlackElo "1702"]
[PlyCount "109"]
[EventDate "2003.07.25"]
[EventType "swiss"]
[EventRounds "9"]
[EventCountry "GER"]
[SourceTitle "EXT 2004"]
[Source "ChessBase"]
[SourceDate "2003.11.25"]
[SourceVersion "1"]
[SourceVersionDate "2003.11.25"]
[SourceQuality "1"]

1. e4 e5 2. Nf3 Nc6 3. d4 exd4 4. Bc4 Bb4+ 5. c3 Ba5 6. b4 Bb6 7. Qb3 Qe7 8. 0-0 d6 9. a4 a6 10. a5 Ba7 11. b5 axb5 12. Bxb5 Bd7 13. a6 Rb8 14. axb7 Rxb7 15. Rxa7 Rxb5 16. Qxb5 Nxa7 17. Qb8+ Nc8 18. Qxc7 dxc3 19. Nxc3 Be6 20. Qb8 Nf6 21. Ba3 0-0 22. e5 Nd7 23. Qc7 Nxe5 24. Qxe7 Nxf3+ 25. gxf3 Nxe7 26. Bxd6 Re8 27. Ne4 Nf5 28. Bg3 Ra8 29. Rd1 h6 30. Nc5 Bc4 31. Kg2 Ra3 32. Rd8+ Kh7 33. Nd7 Rd3 34. Nf8+ Kg8 35. Nd7+ Kh7 36. Nf8+ Kg8 37. Rb8 f6 38. Ng6+ Kf7 39. Nf4 Rd2 40. Rb7+ Ke8 41. h4 Bd5 42. Nxd5 Rxd5 43. Ra7 h5 44. f4 Rd7 45. Ra5 g6 46. Kf3 Ke7 47. Ke2 Nd4+ 48. Ke3 Nf5+ 49. Ke2 Ke6 50. Ra6+ Rd6 51. Ra8 Nd4+ 52. Ke3 Kf5 53. Ra5+ Kg4 54. Ke4 Nf5 55. Ra1 0-1

[Event "Olomouc op"]
[Site "Olomouc"]
[Date "2001.08.02"]
[Round "1"]
[White "Sosna, Jan"]
[Black "Knoefel, Michael"]
[Result "1-0"]
[WhiteElo "2411"]
[BlackElo "2134"]
[PlyCount "41"]
[EventDate "2001.08.02"]
[EventType "swiss"]
[EventRounds "9"]
[EventCountry "CZE"]
[SourceTitle "EXT 2002"]
[Source "ChessBase"]
[SourceDate "2001.11.25"]
[SourceVersion "1"]
[SourceVersionDate "2001.11.25"]
[SourceQuality "1"]

1. e4 c5 2. Nf3 Nc6 3. Bb5 d6 4. 0-0 Bd7 5. c3 g6 6. d4 Bg7 7. dxc5 dxc5 8. Re1 Qc7 9. a4 Rd8 10. Qe2 Nf6 11. e5 Nd5 12. Na3 0-0 13. Qc4 Na5 14. Qxd5 Be6 15. Qe4 Nb3 16. Qh4 Nxa1 17. Bh6 Rd5 18. Bc4 Rfd8 19. Bxd5 Rxd5 20. Bxg7 Qd7 21. Qh6 1-0